000 00502nam a2200193Ia 4500
008 151119s9999||||xx |||||||||||||| ||und||
082 _a910
082 _bGKKV10231
100 _aरानडे फिरोज
245 _aकबूलनामा
260 _a--
260 _b--
260 _c0
600 _aरानडे फिरोज
630 _aकबूलनामा
700 _aरानडे फिरोज
730 _aकबूलनामा
942 _cBOOK
999 _c1064398
_d1064395